书目信息 |
| 题名: |
生物流体力学
|
|
| 作者: | 钱德兰 里特杰斯 尤甘纳坦著 邓小燕 译 | |
| 分册: | ||
| 出版信息: | 北京 机械工业出版社 2014.70 |
|
| 页数: | 330 | |
| 开本: | 23cm | |
| 丛书名: | ||
| 单 册: | ||
| 中图分类: | Q66 | |
| 科图分类: | ||
| 主题词: | 生物力学 | |
| 电子资源: | ||
| ISBN: | 7-111-47205-6 | |
| 000 | 00667nam0 2200181 450 | |
| 001 | 1735965424 | |
| 005 | 20170410095925.42 | |
| 010 | @a7-111-47205-6 | |
| 100 | @a20170410d km y0chiy0120 ea | |
| 101 | 0 | @achi |
| 200 | 1 | @a生物流体力学@Asheng wu liu ti li xue@f钱德兰 里特杰斯 尤甘纳坦著 邓小燕译@Fqian de lan li te jie si you gan na tan zhu deng xiao yan yi |
| 210 | @a北京@c机械工业出版社@d2014.70 | |
| 215 | @a330@d23cm | |
| 606 | 0 | @a生物力学 |
| 690 | @aQ66@v4 | |
| 701 | 0 | @a钱德兰 里特杰斯 尤甘纳坦著 邓小燕@Aqian de lan li te jie si you gan na tan zhu deng xiao yan@4译 |
| 801 | 0 | @aCN@b大连网信软件有限公司图书馆·11@c20170410 |
| 905 | @b6604821@dQ66@en2@f1 | |
| 生物流体力学/钱德兰 里特杰斯 尤甘纳坦著 邓小燕译.-北京:机械工业出版社,2014.70 |
| 330;23cm |
| ISBN 7-111-47205-6: |
| ● |
| 相关链接 |
|
|
|
|
正题名:生物流体力学
索取号:Q66/n2
 
预约/预借
| 序号 | 登录号 | 条形码 | 馆藏地/架位号 | 状态 | 备注 |
| 1 | 6604821 | 266048216 | 密集书库-生命科学系/ [索取号:Q66/n2] | 在馆 |